000 00965naa a22002297i 4500
001 232519
003 ES-MaBCM
005 20260226140653.0
008 260226s2026 sp ||||| |||| 00| 0 spa d
040 _cES-MaBCM
100 1 _aEscudero Moratalla, José Francisco
_914352
245 0 4 _aLa «carga» de trabajo en la Administración de justicia :
_bde la «celularidad» (juzgado) a la «capilaridad» (tribunal de instancia) : reflexiones
_cJosé Francisco Escudero Moratalla, Daniel Corchete Figueras, Sonia Alarcón Casermeiro
504 _aIncluye referencias bibliográficas
504 _aIncluye bibliografía
650 7 _aCondición de trabajo
_958033
650 7 _aFuncionario
_958755
650 7 _aSistema judicial
_957452
700 1 _aCorchete Figueras, Daniel
_9126065
700 1 _aAlarcón Casermeiro, Sonia
_9129945
773 0 _dLas Rozas, Madrid
_gN. 10893 (26 de febrero de 2026) - Loc. En línea
_tDiario La Ley
_w213918
942 _2udc
_cAREV
999 _c232519
_d232519